| 000 | 00525nam a22001577a 4500 | ||
|---|---|---|---|
| 008 | 161012b xxu||||| |||| 00| 0 eng d | ||
| 022 | _a0893-8989 | ||
| 082 | _aDPer 363.205 P75 Aug 2014- Apr 2015 v. 38-39 | ||
| 100 |
_916014 _aMurgado, Amaury |
||
| 245 |
_aWhat records wants you to know/ _cAmaury Murgado. |
||
| 260 |
_aCalifornia: _bBobit Business Media, _cc2014-2015. |
||
| 300 |
_av38 n11, pages 18-21; _c28 cm. |
||
| 500 | _aPolice: The Law Enforcement Magazine. | ||
| 650 | 0 |
_916015 _aArchives |
|
| 942 |
_2ddc _cPER |
||
| 999 |
_c5149 _d5149 |
||